Music Quiz

Random Music or Lyrics Quiz
Score 0/251 Timer 07:00
13 Plays Today
% Correct
a
98.8%
a
98.8%
a
98.8%
a
98.8%
a
98.8%
on
97.5%
on
97.5%
on
97.5%
on
97.5%
the
96.9%
the
96.9%
the
96.9%
the
96.9%
the
96.9%
the
96.9%
the
96.9%
the
96.9%
the
96.9%
the
96.9%
the
96.9%
The
96.9%
The
96.9%
the
96.9%
the
96.9%
the
96.9%
an
96.8%
an
96.8%
I
96.7%
I
96.7%
I
96.7%
I
96.7%
I
96.7%
I
96.7%
I
96.7%
star
96.7%
star
96.7%
go
96.3%
Go
96.3%
L
95.8%
you
95.7%
you
95.7%
you
95.7%
you
95.7%
all
94.7%
All
94.7%
all
94.7%
Your
94.1%
your
94.1%
your
94.1%
Get
93.2%
Get
93.2%
Get
93.2%
get
93.2%
get
93.2%
get
93.2%
is
92.8%
is
92.8%
is
92.8%
Hey
92.8%
Hey
92.8%
now
92.4%
now
92.4%
now
92.4%
to
91.9%
to
91.9%
to
91.9%
to
91.9%
to
91.9%
to
91.9%
in
90.4%
in
90.4%
in
90.4%
and
90.2%
and
90.2%
and
90.2%
and
90.2%
and
90.2%
And
90.2%
So
89.5%
So
89.5%
So
89.5%
so
89.5%
You're
89.1%
You're
89.1%
% Correct
You're
89.1%
me
88.7%
me
88.7%
of
86.9%
of
86.9%
game
86.7%
her
85.7%
her
85.7%
her
85.7%
for
85.2%
for
85.2%
She
85%
that
84.7%
world
84.1%
rock
84.1%
we
84%
we
84%
forehead
83.8%
shape
83.2%
with
83.2%
with
83.2%
some
82.6%
play
82.5%
was
82.1%
finger
81.6%
dumb
80.7%
dumb
80.7%
thumb
80.7%
do
80.6%
gold
80.1%
stars
80%
shooting
79.8%
told
79.5%
once
79.4%
once
79.3%
kind
79.2%
looking
79%
Somebody
78.9%
Somebody
78.8%
Only
78.7%
tool
78.7%
sharpest
78.4%
shed
78.1%
ain't
78%
paid
77.3%
they
77.1%
they
77%
don't
76.8%
don't
76.8%
don't
76.8%
Well
76.6%
well
76.6%
show
76%
glitters
75.9%
gonna
75.6%
break
73.2%
stop
72.3%
mold
72.3%
coming
71.7%
coming
71.7%
running
71%
start
70.7%
what
70.4%
never
69.8%
never
69.8%
never
69.8%
ground
69.6%
hit
69.3%
it
69.3%
it
69.3%
gets
69.2%
gets
69.2%
gets
69.2%
back
69.1%
if
68.7%
if
68.7%
but
68.4%
But
68.4%
much
67.9%
much
67.9%
head
66.9%
roll
66.7%
see
66%
years
65%
% Correct
brain
63.3%
know
63.2%
not
62.9%
make
62.2%
wrong
62.2%
smart
62.1%
as
62%
My
61.2%
place
60.6%
place
60.6%
fun
60.4%
taking
60.3%
You'll
59.8%
You'll
59.8%
what's
59.3%
live
58.9%
shine
58.5%
sense
57.9%
say
56.2%
glow
56.1%
It's
54.8%
Didn't
54.3%
streets
53.6%
thin
53.2%
could
52.3%
could
52.3%
could
52.3%
colder
51.8%
cool
51.7%
getting
51.6%
getting
51.6%
How
51.2%
change
51.2%
change
51.2%
ice
51%
said
50.4%
older
49.7%
pretty
49.1%
might
48.9%
this
48.5%
skate
48.4%
swim
48.2%
little
48.1%
little
48.1%
fire
48.1%
'til
47.9%
about
47.9%
yours
47.5%
use
47.4%
use
47.4%
from
47.1%
way
46.9%
wait
46.8%
up
46.6%
gas
46.6%
warm
46.4%
rules
46.4%
world's
46.2%
picture
46.2%
myself
46.2%
myself
46.2%
like
46.2%
by
46.1%
differ
45.5%
hole
45.4%
asked
45.4%
satellite
45.1%
spare
45.1%
water's
45%
need
44.6%
away
44.3%
beg
44.2%
Judging
43.9%
concept
43.3%
That's
42.8%
bored
41.9%
bundled
39.4%
yep
39.1%
fuel
38.8%
I'll
37.4%
men
36.8%
meteor
34.3%
Fed
28.4%
Remove Ads.
Support Sporcle.
Get the best of Sporcle when you Go Orange. This ad-free experience offers more features, more stats, and more fun while also helping to support Sporcle. Thank you for becoming a member.

You're not logged in!

Compare scores with friends on all Sporcle quizzes.
OR
Log In

Show Comments

Extras

Top Quizzes Today


Score Distribution

Your Account Isn't Verified!

In order to create a playlist on Sporcle, you need to verify the email address you used during registration. Go to your Sporcle Settings to finish the process.

Report this User

Report this user for behavior that violates our Community Guidelines.

Details: